000 01163nam a22003737a 4500
001 0043489
003 KOHA_MİRAKIL
005 20260207003351.0
007 ta
008 130730b2011 tu a|||gr||||#0|||0|tur |
020 _a9789750508509
040 _aTR-BiSEU
_btur
_cTR-BiSEU
_erda
041 0 _atur
044 _ctu
050 _aDR432.C36
_bS44 2011
100 1 _aCantek, Levent.
245 1 _aŞehre göçen eşek /
_cLevent Cantek ; Levent Cantek..
246 _apopüler kültür, mizah ve tarih
264 1 _aİstanbul :
_bİletişim
_c2011
300 _a339 sayfa :
_bresimli ;
_c20 cm.
336 _ametin
_btxt
_2rdacontent
337 _aaracısız
_bn
_2rdamedia
338 _acilt
_bnc
_2rdacarrier
490 1 _aİletişim yayınları ;
_v1558.
490 1 _a Araştırma-inceleme dizisi ;
_v258
500 _aKaynakça ve dizin var.
650 0 _aPopular culture--Turkey.
_941997
650 0 _aTurkish wit and humor.
_931410
650 0 _aTurkey--Social conditions.
_95453
830 1 _aİletişim yayınları ;
_v1558.
_92528
830 1 _a Araştırma-inceleme dizisi ;
_v258
_960357
907 _aTarih
942 _2lcc
_cBK
999 _c43308
_d43308